000
00204 a2200097 4500
001
46942
100
_a
Vance V
245
_a
Hussein of Jordan
260
_a
London
_b
Peter Owen
_c
090
_c
30019
_d
30019
942
_a
NUST-CAE
_c
M
_c
22247
999
_c
282015
_d
282015